1773 1632 1575 1004 1651 1099 1409 1840 1096 1700 1620 1520 1663 1540 1654 1936 1135 1513 1292 1726 1199 1273 1403 1071 1413 1640 1167 1281 1529 1714 1678 1609 1217 1523 1640 1452 1073 1447 1839 1976 1290 1284 1774 1288 1387 1485 1652 1879 1216 1378 1649 1695 1557 1198 1661 1648 1788 1409 1497 1865 1700 1950 1443 1220 1228 1515 1430 1600 1351 1383 1972 1964 1962 1321 1069 1343 1535 1120 1120 1638 1940 1227 1361 1356 1625 1725 1769 1356 1060 1189 1863 1899 1827 1376 1359 1296 1165 1668 1350 BCNSPRNW ULIB Ver.6.0+V

เปลี่ยนเป็นภาษาไทย

Change to English
 แสดงรายละเอียดบรรณานุกรม
  กลับหน้าหลัก

Brief Record : Get Marc (ISO 2709) : E-mail record : QR code < ปิดหน้าต่าง
LEADER : 00000nam 2200000uu 4500
001    13399123671
003     ULIB
008    141104s2557||||th 000 0 tha d
020    9786161122027
060  0 ^aWY106^bส691
100 0  ศิริมา ลัละวงศ์ และคนอื่นๆ
245    ^aหลักสูตรการพัฒนาสมรรถนะพยาบาลผู้จัดการสุขภาพชุมชน/^cศิริมา ลัละวงศ์ และคนอื่นๆ บรรณาธิการโดย กาญจนา จันทร์ไทย
260    ^aกรุงเทพ:^bห้างหุ้นส่วนจำกัดเทพเพ็ญวานิสย์, ^c2557
300    ^a136 หน้า
650  7 ^aพยาบาลผู้จัดการสุขภาพชุมชน
650  7 การส่งเสริมสุขภาพ
710 1  สำนักการพยาบาล สำนักงานปลัดกระทรวงสาธารณสุข
710 1  สำนักงานกองทุนสนับสนุนหารสร้างเสริมสุขภาพ
945    ^p0^l0^i036682
945    ^p0^l0^i036683
999    ^aเกษร โพธิ์สุวรรณ
รายการนี้ยังไม่มีแท็ก
คุณยังไม่ได้ล็อกอิน คุณสามารถมีกิจกรรมร่วมกับเว็บไซต์ได้ แต่ต้องล็อกอินก่อน ::
  ล็อกอิน

รายการสื่อสารสนเทศ

ลำดับที่ ประเภท เลขเรียก/บาร์โค้ด สถานที่ สถานะ
1. Book การพยาบาล
Book การพยาบาล
สถานะ=หนังสือเก่า
WY106 ส691 ฉ.1 
  Barcode: 036682
ห้องสมุดวิทยาเขตสวรรค์ประชารักษ์
►ส่วนจัดเก็บหนังสือเก่า สปร
บนชั้น
  ขอยืม
2. Book การพยาบาล
Book การพยาบาล
สถานะ=หนังสือเก่า
WY106 ส691 ฉ.2 
  Barcode: 036683
ห้องสมุดวิทยาเขตสวรรค์ประชารักษ์
►ส่วนจัดเก็บหนังสือเก่า สปร
บนชั้น
  ขอยืม

รายการใกล้เคียง
    หัวเรื่อง [พยาบาลผู้จัดการสุขภาพชุมชน]
    หัวเรื่อง [การส่งเสริมสุขภาพ]

BibComment


ยังไม่เคยถูกคอมเมนท์

คอมเมนท์ทรัพยากรรายการนี้
  คอมเมนท์: หลักสูตรการพัฒนา..


 Copyright 2026. Bcnsprnw @Library